<?xml version="1.0" encoding="UTF-8"?>
<record
    xmlns:xsi="http://www.w3.org/2001/XMLSchema-instance"
    xsi:schemaLocation="http://www.loc.gov/MARC21/slim http://www.loc.gov/standards/marcxml/schema/MARC21slim.xsd"
    xmlns="http://www.loc.gov/MARC21/slim">

  <leader>00403nam a2200145Ia 4500</leader>
  <controlfield tag="008">100415s9999    xx            000 0 und d</controlfield>
  <datafield tag="082" ind1=" " ind2=" ">
    <subfield code="b">13528</subfield>
    <subfield code="a">574</subfield>
  </datafield>
  <datafield tag="100" ind1=" " ind2=" ">
    <subfield code="a">MATHER, KENNETH</subfield>
  </datafield>
  <datafield tag="245" ind1=" " ind2=" ">
    <subfield code="a">Statistical Analysis in Biology</subfield>
  </datafield>
  <datafield tag="260" ind1=" " ind2=" ">
    <subfield code="a">LONDON</subfield>
    <subfield code="c">1943</subfield>
    <subfield code="b">CHAPMAN AND HALL</subfield>
  </datafield>
  <datafield tag="365" ind1=" " ind2=" ">
    <subfield code="b">193.5</subfield>
  </datafield>
  <datafield tag="630" ind1=" " ind2=" ">
    <subfield code="a">Statistical Analysis in Biology</subfield>
  </datafield>
  <datafield tag="730" ind1=" " ind2=" ">
    <subfield code="a">Statistical Analysis in Biology</subfield>
  </datafield>
  <datafield tag="942" ind1=" " ind2=" ">
    <subfield code="c">BOOK</subfield>
  </datafield>
  <datafield tag="999" ind1=" " ind2=" ">
    <subfield code="c">596442</subfield>
    <subfield code="d">596439</subfield>
  </datafield>
  <datafield tag="952" ind1=" " ind2=" ">
    <subfield code="0">0</subfield>
    <subfield code="1">0</subfield>
    <subfield code="4">0</subfield>
    <subfield code="7">0</subfield>
    <subfield code="a">BNHS</subfield>
    <subfield code="b">BNHS</subfield>
    <subfield code="d">1997-09-11</subfield>
    <subfield code="g">193.50</subfield>
    <subfield code="l">0</subfield>
    <subfield code="o">574 13528</subfield>
    <subfield code="p">BNHS-13528</subfield>
    <subfield code="r">2010-04-15 00:00:00</subfield>
    <subfield code="w">2010-04-15</subfield>
    <subfield code="y">BOOK</subfield>
  </datafield>
</record>
